Ako napísať a úspešne obhájiť diplomovú prácu

Na minha lista:
Detalhes bibliográficos
Autor principal: Gonda, Vladimír
Formato: Livro
Idioma:eslovaco
Publicado em: Bratislava ELITA 2003
Edição:4. dopl. a preprac. vyd.
Assuntos:
Tags: Adicionar Tag
Sem tags, seja o primeiro a adicionar uma tag!

MARC

LEADER 00000nam$a2200000$$$4500
001 0002405
005 20240318115254.2
020 |a 80-8044-076-X 
041 0 |a slo 
044 |a SK 
245 1 0 |a Ako napísať a úspešne obhájiť diplomovú prácu  |c Vladimír Gonda 
250 |a 4. dopl. a preprac. vyd. 
264 1 |a Bratislava  |b ELITA  |c 2003 
300 |a 124 s. 
610 2 0 |a práce diplomové 
610 2 0 |a školy vysoké 
610 2 0 |a štúdium vysokoškolské 
610 2 0 |a normy 
610 2 0 |a štandardy 
100 1 |a Gonda, Vladimír